000 01263nam a22003497a 4500
003 CHAP
005 20220329140759.0
008 971013s1995 r 00010 d
010 _a57480
011 _a58452
035 _a62607
040 _cCHAP
090 _aTesis
100 0 0 _aSánchez Martínez, Vianey del Carmen.
_9107689
245 _aEfecto del tipo de envase y tiempo de almacenamiento sobre la germinación de la semilla del pasto llanero (Andropogon gayanus Kunth)
260 _aChapingo, Méx. :
_bEl autor,
_c1995
300 _a78 h.
_b: ilus. ; gráfs.
502 _aTesis (Ing. Agr. Esp. en Zootecnia) -- UACH. Departamento de Zootecnia
590 _aALEPH
_b10
_c20130110
_lUCH01
_h1335
590 _aBATCH-UPD
_b10
_c20130110
_lUCH01
_h0526
590 _aBATCH-UPD
_b10
_c20130410
_lUCH01
_h0206
590 _aBATCH-UPD
_b10
_c20130914
_lUCH01
_h0330
590 _aCONVERSION
_b10
_c20130109
_lUCH01
_h1331
650 1 4 _aAndropogon gayanus.
_95727
650 1 4 _aPastos
_xGerminación.
_986040
650 1 4 _aPastos
_xSemilla.
_986077
700 0 _aSantiago de la Cruz, Sebastiana.
_9102326
901 _aBK
942 _cFOLL
949 _bBC
_cTES
_d-134159
_eTS1
_h28476
_i62607
_si
949 _bBC
_cTES
_d33724000077764
_eTS2
_fc.2
_h28477
_i62607
_si
999 _c57480
_d57480